[Event "Mechanics' Fall TNM; 30/90, SD/30"]
[Site "San Francisco"]
[Date "2010.12.07"]
[Round "8.16"]
[White "Leavens, Weston"]
[Black "Alzhin, Leonid"]
[Result "1-0"]
[WhiteElo "1843"]
[BlackElo "1525"]
[PlyCount "97"]
[EventDate "2010.??.??"]

1. e4 e6 2. d3 d5 3. Nd2 Bd6 4. Ngf3 Nc6 5. g3 Nge7 6. Bg2 Bd7 7. O-O O-O 8.
Re1 f6 9. c3 Qc8 10. Nb3 e5 11. exd5 Nxd5 12. Nxe5 Nxc3 13. bxc3 Nxe5 14. d4
Ng6 15. Na5 c6 16. Nc4 Bc7 17. Ba3 Rd8 18. Nd6 Bxd6 19. Bxd6 Be6 20. Ba3 Nf8
21. Qh5 Bg4 22. Qc5 Ne6 23. Qc4 b5 24. Qxc6 Qxc6 25. Bxc6 Rab8 26. Be7 Rdc8 27.
Bd7 Kf7 28. Bxc8 Rxc8 29. Bb4 Ng5 30. Re7+ Kg6 31. h4 Nf3+ 32. Kg2 Ra8 33. Re3
a5 34. Bc5 Nd2 35. Rae1 Bd7 36. f3 Bc6 37. Kf2 a4 38. a3 Rd8 39. R1e2 Nc4 40.
Re7 Na5 41. Rc7 Bd5 42. Ree7 Rg8 43. g4 h6 44. h5+ Kh7 45. Rcd7 Bc6 46. Rd6 Bb7
47. Bb4 Nc6 48. Rxb7 Nd8 49. Rb8 1-0

[Event "Mechanics' Fall TNM; 30/90, SD/30"]
[Site "San Francisco"]
[Date "2010.12.14"]
[Round "9.10"]
[White "Leavens, Weston"]
[Black "Gray, William"]
[Result "0-1"]
[WhiteElo "1843"]
[BlackElo "2006"]
[PlyCount "76"]
[EventDate "2010.??.??"]

1. e4 c5 2. d4 cxd4 3. c3 Nf6 4. e5 Nd5 5. Bc4 Qc7 6. Qe2 (6. Bxd5 Qxe5+ 7. Ne2
Qxd5 8. O-O $15) 6... Nb6 7. Bb3 Nc6 8. Bf4 d3 9. Qe4 e6 10. Nf3 d6 11. O-O Nd7
12. exd6 Bxd6 13. Bxd6 Qxd6 14. Nbd2 Nc5 15. Qg4 O-O 16. Nc4 Qc7 17. Qg3 Qxg3
18. hxg3 Rd8 19. Rad1 b6 20. Rfe1 Bb7 21. Nfe5 Nxe5 22. Nxe5 Bd5 23. c4 Bb7 24.
Re3 Rd4 25. Nf3 Bxf3 26. gxf3 a5 27. Rc1 Kf8 28. Bd1 Rad8 29. b3 Ke7 30. Rc3 d2
31. Kf1 h5 32. Ke2 g5 33. a3 h4 34. b4 axb4 35. axb4 Na6 36. Red3 Rxd3 37. Rxd3
Rxd3 38. Kxd3 h3 0-1

[Event "Mechanics' Fall TNM; 30/90, SD/30"]
[Site "San Francisco"]
[Date "2010.11.16"]
[Round "5.17"]
[White "Leavens, Weston"]
[Black "Litowsky, Daniel"]
[Result "1-0"]
[WhiteElo "1843"]
[BlackElo "1700"]
[PlyCount "35"]
[EventDate "2010.??.??"]

1. e4 e5 2. Nf3 Nc6 3. Bb5 d6 4. O-O Be7 5. c3 Bd7 6. d4 Nf6 7. Re1 O-O 8. Nbd2
a6 9. Bxc6 Bxc6 10. dxe5 dxe5 11. Nxe5 Bxe4 12. Nxe4 Qxd1 13. Rxd1 Nxe4 14. Be3
Rad8 15. f3 Rxd1+ 16. Rxd1 Rd8 $4 (16... Nd6 $11) 17. Rxd8+ Bxd8 18. fxe4 1-0

[Event "Mechanics' Fall TNM; 30/90, SD/30"]
[Site "San Francisco"]
[Date "2010.11.23"]
[Round "6.7"]
[White "Leavens, Weston"]
[Black "Margulis, Igor"]
[Result "0-1"]
[WhiteElo "1843"]
[BlackElo "2100"]
[PlyCount "62"]
[EventDate "2010.??.??"]

1. e4 g6 2. d4 Bg7 3. Nf3 c6 4. Bd3 d5 5. h3 dxe4 6. Bxe4 Nf6 7. Nc3 Nxe4 8.
Nxe4 O-O 9. Bf4 Qb6 10. Rb1 Rd8 11. Be3 Qa5+ 12. Qd2 Qxd2+ 13. Nexd2 Nd7 14.
O-O Nf6 15. Nb3 a5 16. a4 b6 17. Ne5 Bf5 18. Rbc1 Nd5 19. Bd2 Bxe5 20. dxe5 Nb4
21. Bg5 Bxc2 22. Na1 Bxa4 23. Bxe7 Rd2 24. b3 Bb5 25. Rfd1 Re2 26. Bf6 Re8 27.
f4 c5 28. Rd6 Nd3 29. Rd1 Nxf4 30. Rxb6 Rxg2+ 31. Kh1 Be2 0-1

[Event "Mechanics' Fall TNM; 30/90, SD/30"]
[Site "San Francisco"]
[Date "2010.10.26"]
[Round "2.8"]
[White "Leavens, Weston"]
[Black "Rumph, Todd"]
[Result "0-1"]
[WhiteElo "1843"]
[BlackElo "2051"]
[PlyCount "60"]
[EventDate "2010.??.??"]

1. e4 c6 2. d4 d5 3. Nd2 dxe4 4. Nxe4 Bf5 5. Ng3 Bg6 6. Nf3 Nd7 7. h4 h6 8. h5
Bh7 9. Bd3 Bxd3 10. Qxd3 e6 11. Bf4 Qa5+ 12. c3 Ngf6 13. O-O-O Qxa2 14. Ne4
Nxe4 15. Qxe4 Qd5 16. Rde1 Bd6 17. Bxd6 Qxd6 18. Qg4 Nf6 19. Qh4 (19. Qxg7 $2
Qf4+ 20. Kb1 Rg8) 19... a5 20. Ne5 a4 21. f4 a3 22. Nc4 axb2+ 23. Nxb2 Qd5 24.
Qh3 Qb3 25. Nd1 Ra2 26. Qd3 Nd5 27. Rxe6+ fxe6 28. Qg6+ Kf8 29. Qd3 Qa3+ 30.
Kb1 Ra1+ 0-1

[Event "Mechanics' Fall TNM; 30/90, SD/30"]
[Site "San Francisco"]
[Date "2010.11.30"]
[Round "7.19"]
[White "Litowsky, Daniel"]
[Black "Mar, Henry"]
[Result "0-1"]
[WhiteElo "1700"]
[BlackElo "1556"]
[PlyCount "56"]
[EventDate "2010.??.??"]

1. e4 c6 2. d4 d5 3. Nc3 dxe4 4. Nxe4 Nd7 5. Nf3 Ndf6 6. Ng3 Bg4 7. Be2 g6 8.
O-O Bg7 9. c3 Nd5 10. Qb3 Qc7 11. Be3 Be6 12. Bd2 Ne3 13. Qa3 Nxf1 14. Rxf1 Nf6
15. Ng5 O-O 16. f4 h6 17. Nxe6 fxe6 18. c4 h5 19. Rf3 h4 20. Nf1 Nh5 21. Qd3
Kh7 22. Qe4 Nf6 23. Qxe6 Qd6 24. Qe3 Nh5 25. Qf2 Bxd4 26. Be3 Bxe3 27. Qxe3
Rad8 28. Bd3 Qd4 0-1

[Event "Mechanics' Fall TNM; 30/90, SD/30"]
[Site "San Francisco"]
[Date "2010.10.26"]
[Round "2.18"]
[White "Litowsky, Daniel"]
[Black "Montoya, Daniel"]
[Result "0-1"]
[WhiteElo "1700"]
[BlackElo "1483"]
[PlyCount "32"]
[EventDate "2010.??.??"]

1. e4 e5 2. Nc3 Nf6 3. Bc4 Bb4 4. d3 Bxc3+ 5. bxc3 Nc6 6. a3 d5 7. exd5 Nxd5 8.
Bd2 O-O 9. Nf3 Re8 10. O-O Bg4 11. h3 Bh5 12. Re1 Nb6 13. Bb3 Qf6 14. Bg5 Bxf3
15. Bxf6 Bxd1 16. Bg5 Bh5 0-1

[Event "Mechanics' Fall TNM; 30/90, SD/30"]
[Site "San Francisco"]
[Date "2010.11.09"]
[Round "4.23"]
[White "Litowsky, Daniel"]
[Black "Morgan, Jerry"]
[Result "1-0"]
[WhiteElo "1700"]
[BlackElo "1478"]
[PlyCount "49"]
[EventDate "2010.??.??"]

1. e4 c6 2. d4 d5 3. Nc3 dxe4 4. Nxe4 Bf5 5. Ng3 Bg6 6. Nf3 Nd7 7. Bc4 e6 8.
O-O Ngf6 9. c3 Bd6 10. h3 Qc7 11. Ne2 Be4 12. Nd2 Bg6 13. f4 Nh5 14. Nf3 Nxf4
15. Nxf4 Bxf4 16. Bxf4 Qxf4 17. Qe2 Qe4 18. Qf2 O-O 19. Rae1 Qc2 20. Re2 Qf5
21. Qg3 Rac8 22. Ne5 Qh5 23. Nxd7 Rfd8 24. Ne5 Bf5 25. Ref2 1-0

[Event "Mechanics' Fall TNM; 30/90, SD/30"]
[Site "San Francisco"]
[Date "2010.11.09"]
[Round "4.18"]
[White "MacIntyre, Brendan"]
[Black "Leavens, Weston"]
[Result "0-1"]
[WhiteElo "1676"]
[BlackElo "1843"]
[PlyCount "62"]
[EventDate "2010.??.??"]

1. d4 f5 2. Nc3 g6 3. e4 fxe4 4. Nxe4 Bg7 5. Nf3 Nf6 6. Bd3 O-O 7. O-O d6 8. h3
c6 9. c3 Be6 10. Re1 Bd5 11. c4 Bxe4 12. Bxe4 Nxe4 13. Rxe4 d5 14. Rh4 e5 15.
Bg5 Qc7 16. cxd5 exd4 17. Nxd4 Qf7 18. Qe2 Qxd5 19. Qe6+ Qxe6 20. Nxe6 Rf7 21.
Rd1 Na6 22. b3 Nc7 23. Nd8 Rf5 24. f4 Nd5 25. Nxb7 Bf8 26. Nd8 Rxg5 27. fxg5
Rxd8 28. Ra4 Re8 29. Ra6 Bc5+ 30. Kh1 Bb6 31. Ra4 Nc3 0-1

[Event "Mechanics' Fall TNM; 30/90, SD/30"]
[Site "San Francisco"]
[Date "2010.10.20"]
[Round "1.10"]
[White "MacIntyre, Brendan"]
[Black "Manvelyan, Hovik"]
[Result "0-1"]
[WhiteElo "1676"]
[BlackElo "2023"]
[PlyCount "80"]
[EventDate "2010.??.??"]

1. d4 e6 2. c4 Nf6 3. a3 d5 4. Nc3 Be7 5. Nf3 O-O 6. e3 Nbd7 7. Bd3 dxc4 8.
Bxc4 Nb6 9. Ba2 Nbd5 10. Qc2 b6 11. O-O Bb7 12. Ne5 Rc8 13. Nxd5 Nxd5 14. Nc6
Bxc6 15. Qxc6 Bd6 16. f4 Ne7 17. Qf3 c5 18. Rd1 cxd4 19. exd4 Qd7 20. Be3 Qb5
21. Rd2 Nd5 22. Rad1 Rfd8 23. Bb1 Qb3 24. Bd3 Be7 25. f5 Nxe3 26. Qxe3 Bf6 27.
Qh3 Bxd4+ 28. Kf1 g6 29. fxe6 fxe6 30. Qg4 e5 31. h4 Rf8+ 32. Ke1 Qf7 33. Qe2
Qf4 34. Rb1 Qxh4+ 35. Kd1 Rf2 36. Bc4+ Kg7 37. Qd3 Rxd2+ 38. Kxd2 Qf2+ 39. Kd1
Qg1+ 40. Qf1 Rxc4 0-1

[Event "Mechanics' Fall TNM; 30/90, SD/30"]
[Site "San Francisco"]
[Date "2010.11.16"]
[Round "5.24"]
[White "MacIntyre, Brendan"]
[Black "Olson, David"]
[Result "1-0"]
[WhiteElo "1676"]
[BlackElo "1406"]
[PlyCount "49"]
[EventDate "2010.??.??"]

1. d4 d5 2. c4 Nf6 3. Nc3 e6 4. Bf4 a6 5. Nf3 Bb4 6. e3 Ne4 7. Qc2 O-O 8. Bd3
f5 9. O-O Bd6 10. Be5 c6 11. Bxd6 Qxd6 12. Ne5 Nd7 13. f4 Ndf6 14. Be2 c5 15.
Rad1 b6 16. cxd5 exd5 17. Bf3 Ng4 18. Nxg4 fxg4 19. Nxe4 dxe4 20. Bxe4 Ra7 21.
Bxh7+ Kh8 22. dxc5 Qh6 23. Bg6 g3 24. hxg3 Re7 25. Kf2 1-0

[Event "Mechanics' Fall TNM; 30/90, SD/30"]
[Site "San Francisco"]
[Date "2010.11.30"]
[Round "7.22"]
[White "MacIntyre, Brendan"]
[Black "Starr, Albert"]
[Result "0-1"]
[WhiteElo "1676"]
[BlackElo "1494"]
[PlyCount "96"]
[EventDate "2010.??.??"]

1. d4 f5 2. c4 Nf6 3. Nf3 g6 4. Nc3 Bg7 5. g3 d6 6. Bg2 O-O 7. O-O c5 8. e3 a6
9. Ne1 Qc7 10. Qe2 e5 11. dxe5 dxe5 12. Nd5 Qf7 13. Nb6 Ra7 14. Nxc8 Rxc8 15.
Nd3 Nbd7 16. Rb1 Qxc4 17. b3 Qf7 18. Bb2 e4 19. Nf4 Nd5 20. Bxg7 Nxf4 21. exf4
Kxg7 22. f3 exf3 23. Bxf3 b5 24. Qe3 Rac7 25. Rfd1 Nf6 26. Qe5 Qe7 27. Qc3 b4
28. Qd3 a5 29. Bd5 Rd8 30. Qf3 Rxd5 31. Rxd5 Nxd5 32. Qxd5 Rd7 33. Qf3 Qe4 34.
Qxe4 fxe4 35. Rb2 Kf6 36. Kf2 Kf5 37. Rc2 Rd5 38. h3 g5 39. fxg5 Kxg5 40. Ke3
Kf5 41. Rc4 Rd3+ 42. Ke2 Rc3 43. Kd2 Rxc4 44. bxc4 h5 45. Ke2 a4 46. Kd2 a3 47.
Kc2 e3 48. Kd3 b3 0-1

[Event "Mechanics' Fall TNM; 30/90, SD/30"]
[Site "San Francisco"]
[Date "2010.11.16"]
[Round "5.2"]
[White "Manvelyan, Hayk"]
[Black "Bambou, Christophe"]
[Result "0-1"]
[WhiteElo "2167"]
[BlackElo "2093"]
[PlyCount "98"]
[EventDate "2010.??.??"]

1. e4 e5 2. f4 Bc5 3. Nf3 d6 4. c3 Bb6 5. d4 exd4 6. cxd4 Bg4 7. Be3 d5 8. e5
Ne7 9. Nbd2 Nf5 10. Qb3 O-O 11. Qc3 Nc6 12. a3 f6 13. Bb5 fxe5 14. fxe5 Nxe3
15. Qxe3 Bxf3 16. Nxf3 Nxd4 17. Nxd4 Qh4+ 18. g3 Qxd4 19. Qxd4 Bxd4 20. O-O-O
Be3+ 21. Kb1 c6 22. Bd3 Rae8 23. Rhf1 Rxf1 24. Rxf1 Rxe5 25. Rf5 Re7 26. Kc2 g6
27. Rf1 Kg7 28. Re1 b5 29. Bf1 Kf6 30. Kd3 d4 31. b4 Re5 32. Bg2 c5 33. Rf1+
Ke7 34. bxc5 Rxc5 35. Ke4 Rc2 36. Bf3 Rxh2 37. Rb1 a6 38. a4 bxa4 39. Ke5 Rf2
40. Rb7+ Kf8 41. Be4 Rf7 42. Rb8+ Kg7 43. Ra8 Re7+ 44. Kd5 Rd7+ 45. Kc4 Rd6 46.
Kc5 Rf6 47. Bd3 a3 48. Bxa6 Rxa6 49. Rxa6 d3+ 0-1

[Event "Mechanics' Fall TNM; 30/90, SD/30"]
[Site "San Francisco"]
[Date "2010.10.26"]
[Round "2.4"]
[White "Manvelyan, Hayk"]
[Black "Drane, Robert"]
[Result "1-0"]
[WhiteElo "2167"]
[BlackElo "1872"]
[PlyCount "43"]
[EventDate "2010.??.??"]

1. e4 Nf6 2. Nc3 e5 3. f4 d5 4. fxe5 Nxe4 5. Nf3 Bg4 6. d3 Nxc3 7. bxc3 c5 8.
Rb1 Qc7 9. Be2 Bxf3 10. Bxf3 Be7 11. O-O Qxe5 12. Rxb7 Nd7 13. Re1 Qd6 14. Qe2
O-O-O 15. Rxa7 Rhe8 16. d4 Kb8 17. Bf4 $1 Kxa7 (17... Qxf4 18. Qa6 {mates}) 18.
Bxd6 Bxd6 19. Qf1 Rxe1 20. Qxe1 Nf6 21. c4 cxd4 22. Qa5+ 1-0

[Event "Mechanics' Fall TNM; 30/90, SD/30"]
[Site "San Francisco"]
[Date "2010.12.14"]
[Round "9.5"]
[White "Manvelyan, Hayk"]
[Black "Klinetobe, David"]
[Result "1/2-1/2"]
[WhiteElo "2167"]
[BlackElo "2010"]
[PlyCount "63"]
[EventDate "2010.??.??"]

1. e4 e6 2. d4 d5 3. Nc3 Nf6 4. Bg5 Be7 5. e5 Nfd7 6. h4 O-O 7. Bd3 c5 8. Nh3
g6 9. f4 cxd4 10. Ne2 Nc6 11. O-O Kg7 12. Ng3 h6 13. Bxe7 Qxe7 14. h5 Qh4 15.
Qe1 Qe7 16. hxg6 fxg6 17. Qe2 Nc5 18. Rf3 Nxd3 19. cxd3 Qf7 20. Raf1 Bd7 21.
Nf2 Rac8 22. a3 Ne7 23. Ng4 Ba4 24. R3f2 Rc2 25. Qf3 Rfc8 26. Nf6 Ng8 27. Nxg8
Kxg8 28. Rxc2 Rxc2 29. Rf2 Rc1+ 30. Rf1 Rc2 31. Rf2 Rc1+ 32. Rf1 1/2-1/2

[Event "Mechanics' Fall TNM; 30/90, SD/30"]
[Site "San Francisco"]
[Date "2010.12.07"]
[Round "8.5"]
[White "Manvelyan, Hayk"]
[Black "Krasnov, Steven"]
[Result "1-0"]
[WhiteElo "2167"]
[BlackElo "1926"]
[PlyCount "57"]
[EventDate "2010.??.??"]

1. e4 c5 2. Nc3 g6 3. g3 Bg7 4. Bg2 Nc6 5. d3 e6 6. f4 Nge7 7. Nf3 O-O 8. O-O
b6 9. e5 Nf5 10. g4 Nh4 11. Nxh4 Qxh4 12. g5 h6 13. Rf3 Qh5 14. gxh6 Bxh6 15.
Qe1 Bg7 16. Rh3 Qg4 17. Rh4 Qf5 18. Be4 Nd4 19. Qf2 g5 20. Bxf5 gxh4 21. Be4
Rb8 22. Be3 f5 23. Bg2 d6 24. Bxd4 cxd4 25. Qxd4 dxe5 26. Qd6 Ba6 27. Qxe6+ Kh7
28. Qe7 Rf6 29. Qxa7 1-0

[Event "Mechanics' Fall TNM; 30/90, SD/30"]
[Site "San Francisco"]
[Date "2010.11.09"]
[Round "4.1"]
[White "Manvelyan, Hayk"]
[Black "Zavadsky, Peter"]
[Result "1/2-1/2"]
[WhiteElo "2167"]
[BlackElo "2290"]
[PlyCount "116"]
[EventDate "2010.??.??"]

1. Nf3 d5 2. b3 Nf6 3. Bb2 e6 4. e3 Be7 5. Ne5 O-O 6. f4 c5 7. Bd3 Nc6 8. O-O
Nb4 9. Be2 Nd7 10. a3 Nc6 11. Nxc6 bxc6 12. d3 Bf6 13. Bxf6 Qxf6 14. Ra2 a5 15.
a4 Ba6 16. c4 e5 17. Bg4 Rfd8 18. Raf2 Qe7 19. Bxd7 Rxd7 20. f5 f6 21. Qe2 e4
22. dxe4 dxc4 23. bxc4 Qxe4 24. Nd2 Qc2 25. Qf3 Rad8 26. Qxc6 Bxc4 27. Nxc4
Qxc4 28. h3 Rd6 29. Qc7 R6d7 30. Qxa5 Re8 31. Rf4 Qd5 32. Qc3 Re5 33. a5 Ra7
34. Rb1 h6 35. Ra4 Qd7 36. Qc4+ Kh7 37. e4 Qc7 38. a6 Re8 39. Rc1 Rea8 40. Qb5
Qd6 41. Qxc5 Qxc5+ 42. Rxc5 Rxa6 43. Rxa6 Rxa6 44. Kf2 Ra3 45. e5 fxe5 46. Rxe5
h5 47. Re3 Ra5 48. g4 hxg4 49. hxg4 g6 50. Re7+ Kg8 51. f6 Kf8 52. Rg7 g5 53.
Kf3 Ra6 54. Rxg5 Rxf6+ 55. Ke4 Kf7 56. Rf5 Kg6 57. Rxf6+ Kxf6 58. Kf4 Kg6
1/2-1/2

[Event "Mechanics' Fall TNM; 30/90, SD/30"]
[Site "San Francisco"]
[Date "2010.10.26"]
[Round "2.9"]
[White "Manvelyan, Hovik"]
[Black "Abraham, Renjish"]
[Result "1-0"]
[WhiteElo "2023"]
[BlackElo "1821"]
[PlyCount "59"]
[EventDate "2010.??.??"]

1. f4 d5 2. Nf3 c5 3. e3 Nc6 4. b3 Nf6 5. Bb5 g6 6. Bb2 Bg7 7. O-O O-O 8. Bxc6
bxc6 9. Ne5 Ba6 10. d3 Rc8 11. Nd2 Nd7 12. Nxd7 Qxd7 13. Bxg7 Kxg7 14. Nf3 f6
15. c4 Rcd8 16. Qe1 Qc7 17. Qg3 Rd6 18. e4 Bc8 19. Rae1 dxe4 20. dxe4 Rd3 21.
Qf2 Qa5 22. e5 Bg4 23. exf6+ exf6 24. Re7+ Rf7 25. Rxf7+ Kxf7 26. Ne5+ fxe5 27.
fxe5+ Ke6 28. Qf7+ Kxe5 29. Qf6+ Ke4 30. Qf4# 1-0

[Event "Mechanics' Fall TNM; 30/90, SD/30"]
[Site "San Francisco"]
[Date "2010.11.23"]
[Round "6.9"]
[White "Manvelyan, Hovik"]
[Black "Banik, Siddharth"]
[Result "0-1"]
[WhiteElo "2023"]
[BlackElo "1753"]
[PlyCount "114"]
[EventDate "2010.??.??"]

1. Nf3 c5 2. e3 Nf6 3. b3 g6 4. Bb2 Bg7 5. a4 O-O 6. Be2 d6 7. d3 Nc6 8. Nbd2
Bd7 9. Nc4 a6 10. a5 Be6 11. Nb6 Rb8 12. Qd2 Nd7 13. Bxg7 Kxg7 14. Nxd7 Bxd7
15. h4 e5 16. h5 f6 17. e4 g5 18. Nh2 h6 19. Bg4 Nd4 20. Bxd7 Qxd7 21. f3 Rbd8
22. Ng4 d5 23. exd5 Qxd5 24. Ne3 Qd7 25. Ra4 f5 26. Qc3 e4 27. O-O Kh7 28. Qxc5
exf3 29. Rxd4 Qxd4 30. Qxd4 Rxd4 31. Rxf3 Rf4 32. Rxf4 gxf4 33. Nd5 Kg7 34.
Nxf4 Kf6 35. Kf2 Rc8 36. c4 Kg5 37. Kf3 Kf6 38. d4 Re8 39. Nd3 Re4 40. d5 Kg5
41. Nc5 Rf4+ 42. Ke3 Rg4 43. Nxb7 Rg3+ 44. Kd4 Rxb3 45. Nc5 Ra3 46. d6 Kf6 47.
Nb7 Ke6 48. c5 Kd7 49. Ke5 Rb3 50. Kd5 Rb5 51. g3 Kc8 52. Ke6 Rxb7 53. c6 Rb5
54. d7+ Kc7 55. Ke7 Re5+ 56. Kf6 Rxa5 57. Ke7 Rd5 0-1

[Event "Mechanics' Fall TNM; 30/90, SD/30"]
[Site "San Francisco"]
[Date "2010.11.16"]
[Round "5.7"]
[White "Manvelyan, Hovik"]
[Black "Byambaa, Uyanga"]
[Result "0-1"]
[WhiteElo "2023"]
[BlackElo "1854"]
[PlyCount "80"]
[EventDate "2010.??.??"]

1. f4 d5 2. Nf3 Nf6 3. e3 c5 4. b3 Nc6 5. Bb5 a6 6. Bxc6+ bxc6 7. Bb2 a5 8. O-O
e6 9. Ne5 Qc7 10. d3 Be7 11. Nd2 a4 12. Rb1 O-O 13. Qe1 a3 14. Ba1 Nd7 15. Qg3
f6 16. Ng4 Kh8 17. h4 Ba6 18. c4 Rad8 19. Rbd1 Nb6 20. Nb1 dxc4 21. dxc4 Rxd1
22. Rxd1 Rd8 23. Qf3 Rf8 24. g3 Bc8 25. Nxa3 e5 26. Nf2 Be6 27. Qe2 Nc8 28. Nc2
Bd6 29. Ne1 Ne7 30. Qd2 Nc8 31. Ned3 exf4 32. exf4 Qf7 33. Kh2 Qg6 34. Qe3 Re8
35. Qf3 Ne7 36. Ne4 Bg4 37. Qf1 Bxd1 38. Nxd6 Rd8 39. f5 Nxf5 40. Nxf5 Bc2 {
0-1 Manvelyan,H-Uyanga,B} 0-1

[Event "Mechanics' Fall TNM; 30/90, SD/30"]
[Site "San Francisco"]
[Date "2010.12.14"]
[Round "9.7"]
[White "Manvelyan, Hovik"]
[Black "Gaffagan, Steven"]
[Result "1-0"]
[WhiteElo "2023"]
[BlackElo "2054"]
[PlyCount "79"]
[EventDate "2010.??.??"]

1. d4 Nf6 2. c4 e6 3. Nf3 c5 4. d5 b5 5. dxe6 fxe6 6. e3 Be7 7. cxb5 O-O 8. b3
Bb7 9. Nbd2 a6 10. Bb2 Ng4 11. Bd3 axb5 12. Qc2 Nf6 13. Bxb5 Nc6 14. a3 Qc7 15.
Bd3 Ba6 16. Bxa6 Rxa6 17. O-O d5 18. Ng5 Ne5 19. f4 Ng6 20. Qd3 Rb6 21. Rfc1
Ng4 22. Ngf3 d4 23. Nc4 dxe3 24. Be5 N6xe5 25. fxe5 Rbb8 26. h3 Rbd8 27. Qe4
Rxf3 28. Qxf3 Nxe5 29. Qxe3 Bf6 30. Re1 Nf7 $2 (30... Nxc4 31. Qxe6+ Qf7 32.
Qxf7+ Kxf7 33. bxc4 Bxa1 34. Rxa1 {
is better for White but not nearly so as the game continuation.}) 31. Qxe6 Bd4+
32. Kh1 h6 33. Rad1 Kh8 34. Qe7 Rd7 35. Qe8+ Kh7 36. Qe4+ Kh8 37. Qf5 Rd8 38.
Re2 Qc8 39. Qxf7 Rf8 40. Qg6 1-0

[Event "Mechanics' Fall TNM; 30/90, SD/30"]
[Site "San Francisco"]
[Date "2010.10.20"]
[Round "1.12"]
[White "Mar, Henry"]
[Black "Klinetobe, David"]
[Result "0-1"]
[WhiteElo "1556"]
[BlackElo "2010"]
[PlyCount "120"]
[EventDate "2010.??.??"]

1. e4 e6 2. Nf3 d5 3. e5 c5 4. d3 Nc6 5. g3 Nge7 6. Bg5 Qb6 7. Qc1 Ng6 8. Bf4
Be7 9. Bg2 O-O 10. O-O f6 11. Re1 fxe5 12. Bg5 Bd6 13. Nc3 Bd7 14. Na4 Qa5 15.
b3 b5 16. Nb2 Nd4 17. Bd2 Nxf3+ 18. Bxf3 Qd8 19. Bg2 Qf6 20. Nd1 Rac8 21. Bg5
Qf5 22. Re2 Nf4 23. gxf4 exf4 24. Bh4 Qg4 25. f3 Qxh4 26. Nf2 e5 27. Qd2 Qf6
28. Rae1 h5 29. c4 Bc6 30. Rd1 d4 31. Ne4 Bxe4 32. dxe4 bxc4 33. bxc4 Qe6 34.
Qd3 Rb8 35. Rc1 Rb4 36. a3 Rb7 37. Ree1 Rfb8 38. Qf1 g5 39. h3 Rb3 40. Rb1 Rxb1
41. Rxb1 Rxb1 42. Qxb1 Qxc4 43. Bf1 Qf7 44. Qb5 Kf8 45. Bc4 Qc7 46. Bb3 c4 47.
Ba4 d3 48. Qe8+ Kg7 49. Qxh5 Qf7 50. Qxg5+ Qg6 51. Qxg6+ Kxg6 52. Bb5 d2 53.
Ba4 Bxa3 54. Bc2 Kh5 55. Kg2 Be7 56. Kh2 Bh4 57. Kg2 Kg6 58. Kf1 Kf7 59. Ke2
Be1 60. Kd1 Ke7 {score ends} 0-1

[Event "Mechanics' Fall TNM; 30/90, SD/30"]
[Site "San Francisco"]
[Date "2010.11.03"]
[Round "3.17"]
[White "Mar, Henry"]
[Black "Leavens, Weston"]
[Result "1-0"]
[WhiteElo "1556"]
[BlackElo "1843"]
[PlyCount "92"]
[EventDate "2010.??.??"]

1. e4 e6 2. d3 d5 3. Nd2 c5 4. g3 Nc6 5. Bg2 Nf6 6. Ngf3 Bd6 7. O-O Qc7 8. Re1
O-O 9. c3 Nd7 10. Nf1 f5 11. Ng5 Nf6 12. exd5 exd5 13. Ne6 Bxe6 14. Rxe6 f4 15.
Qb3 Na5 16. Qd1 fxg3 17. Nxg3 Qd7 18. Bh3 Qc7 19. Qe2 Rae8 20. Bg5 Kh8 21. Re1
Rxe6 22. Bxe6 d4 23. Bxf6 Rxf6 24. c4 Nc6 25. Bd5 Ne7 26. Be6 Ng6 27. Bd5 Nf4
28. Qf1 Nxd5 29. cxd5 Qf7 30. Qg2 Bxg3 31. hxg3 h6 32. b3 Rf3 33. d6 Rxd3 34.
Re7 Rd1+ 35. Kh2 Qh5+ 36. Qh3 Rh1+ 37. Kxh1 Qxh3+ 38. Kg1 Qc8 39. d7 Qc7 40.
Re8+ Kh7 41. d8=Q Qc6 42. Rh8+ Kg6 43. Qe8+ Qxe8 44. Rxe8 Kf7 45. Re1 b5 46.
Re5 c4 1-0

[Event "Mechanics' Fall TNM; 30/90, SD/30"]
[Site "San Francisco"]
[Date "2010.12.14"]
[Round "9.19"]
[White "Mar, Henry"]
[Black "Montoya, Daniel"]
[Result "0-1"]
[WhiteElo "1556"]
[BlackElo "1483"]
[PlyCount "70"]
[EventDate "2010.??.??"]

1. e4 e5 2. Nf3 Nc6 3. g3 Nf6 4. d3 d5 5. Nbd2 dxe4 6. dxe4 Bg4 7. Bg2 Qd7 8.
O-O O-O-O 9. Qe2 Nd4 10. Qc4 Nxf3+ 11. Bxf3 Bxf3 12. Nxf3 Bd6 13. Kg2 h5 14.
Bg5 Rde8 15. Rad1 Nh7 16. Be3 Qe6 17. Qa4 a6 18. Nh4 g6 19. c4 Be7 20. Nf3 h4
21. Rd5 h3+ 22. Kh1 Qg4 23. Nd2 Nf6 24. f3 Qe6 25. Qa5 $2 Nxd5 26. cxd5 Qd6 27.
Rc1 Bd8 28. Nc4 Qe7 29. Nd6+ $4 Kb8 $4 (29... Qxd6) 30. Nxe8 Rxe8 31. Qc3 f5
32. Bc5 Qd7 33. Bf2 Bg5 34. Rf1 Qb5 35. Rd1 Qe2 0-1

[Event "Mechanics' Fall TNM; 30/90, SD/30"]
[Site "San Francisco"]
[Date "2010.11.23"]
[Round "6.20"]
[White "Mar, Henry"]
[Black "Morgan, Jerry"]
[Result "0-1"]
[WhiteElo "1556"]
[BlackElo "1478"]
[PlyCount "103"]
[EventDate "2010.??.??"]

1. e4 c6 2. Nf3 d5 3. exd5 cxd5 4. d3 Qc7 5. g3 e5 6. Bg2 Nc6 7. O-O Bg4 8. c3
Bd6 9. h3 Be6 10. Re1 f6 11. Nbd2 Nge7 12. Nf1 h5 13. b4 Qd7 14. b5 Na5 15. a4
Bxh3 16. Ba3 Bg4 17. Bxd6 Qxd6 18. Ne3 O-O-O 19. Nxg4 hxg4 20. Nd2 f5 21. c4
Kb8 22. Qe2 e4 23. Rac1 dxc4 24. Nxc4 Nxc4 25. dxc4 Qd2 26. Qf1 Qd3 27. Re2 Ng6
28. Qe1 Ne5 29. Re3 Qd2 30. c5 Nf3+ 31. Bxf3 gxf3 32. c6 Qxe1+ 33. Rexe1 Rd6
34. c7+ Kc8 35. Red1 Rxd1+ 36. Rxd1 Kxc7 37. Rd5 Rf8 38. Kf1 Rd8 39. Rxd8 Kxd8
40. Ke1 Kd7 41. Kd2 Kd6 42. Ke3 Ke5 43. a5 g5 44. b6 a6 45. Kd2 Kd4 46. Kc2 f4
47. g4 e3 48. fxe3+ fxe3 49. Kd1 Kd3 50. Ke1 Kc2 51. Kf1 Kd2 52. Kg1 0-1

[Event "Mechanics' Fall TNM; 30/90, SD/30"]
[Site "San Francisco"]
[Date "2010.11.09"]
[Round "4.12"]
[White "Mar, Henry"]
[Black "Todortsev, Victor"]
[Result "0-1"]
[WhiteElo "1556"]
[BlackElo "1922"]
[PlyCount "38"]
[EventDate "2010.??.??"]

1. e4 e5 2. Nf3 Nc6 3. g3 Nf6 4. d3 d6 5. Bg2 Bg4 6. c3 Be7 7. O-O Qd7 8. Nbd2
h6 9. Re1 O-O-O 10. h3 Bxh3 11. a4 g5 12. b4 Bxg2 13. Kxg2 Rdg8 14. a5 Nd8 15.
Qb3 Ne6 16. Ba3 Nh5 17. b5 Nhf4+ 18. Kf1 (18. gxf4 gxf4+ 19. Kf1 $18) 18... Nd4
19. cxd4 Qh3+ 0-1

[Event "Mechanics' Fall TNM; 30/90, SD/30"]
[Site "San Francisco"]
[Date "2010.12.07"]
[Round "8.6"]
[White "Margulis, Igor"]
[Black "Byambaa, Uyanga"]
[Result "0-1"]
[WhiteElo "2100"]
[BlackElo "1854"]
[PlyCount "42"]
[EventDate "2010.??.??"]

1. e4 c5 2. Nf3 Nc6 3. Nc3 g6 4. d4 cxd4 5. Nxd4 Bg7 6. Be3 Nf6 7. Be2 O-O 8.
Qd2 d5 9. exd5 Nb4 10. O-O-O Nfxd5 11. Nxd5 Nxd5 12. Bh6 Nf6 13. Bxg7 Kxg7 14.
Qe3 Qb6 15. g4 e5 16. Nf3 Bxg4 17. Bc4 Rac8 18. Nxe5 Bxd1 19. Rxd1 Rfd8 20. Nd7
Qxe3+ 21. fxe3 Rxc4 0-1

[Event "Mechanics' Fall TNM; 30/90, SD/30"]
[Site "San Francisco"]
[Date "2010.10.20"]
[Round "1.7"]
[White "Margulis, Igor"]
[Black "Chalissery, Jossy"]
[Result "1/2-1/2"]
[WhiteElo "2100"]
[BlackElo "1698"]
[PlyCount "62"]
[EventDate "2010.??.??"]

1. e4 b6 2. d3 Bb7 3. g3 e6 4. Bg2 d5 5. Nd2 Nf6 6. e5 Nfd7 7. f4 c5 8. Ngf3
Be7 9. O-O Nc6 10. Rf2 g6 11. c3 Bf8 12. h4 Ne7 13. Bh3 Nf5 14. Bxf5 gxf5 15.
Ng5 Qe7 16. Qh5 h6 17. Nf1 Rg8 18. Nf3 Rg6 19. Kh2 Qd8 20. d4 Ba6 21. Be3 Bxf1
22. Rfxf1 c4 23. Nd2 Rg4 24. Bf2 b5 25. Rfc1 a5 26. Nf1 Qe7 27. Ne3 Rg6 28. Qf3
Ra6 29. b3 Rb6 30. Rab1 cxb3 31. axb3 Qd8 1/2-1/2